书目信息 |
| 题名: |
太阳风暴对航天器的影响与防护
|
|
| 作者: | 于登云 主编 ;总装备部 编 | |
| 分册: | ||
| 出版信息: | 北京 国防工业出版社 2016.02 |
|
| 页数: | 176页 | |
| 开本: | 26cm | |
| 丛书名: | 《太阳风暴影响与应对措施》科普丛书 | |
| 单 册: | ||
| 中图分类: | P182.9 | |
| 科图分类: | ||
| 主题词: | 太阳活动--航天器--影响 , 太阳活动--影响--航天器 | |
| 电子资源: | ||
| ISBN: | 978-7-118-08450-4 | |
| 000 | 01044nam0 2200289 450 | |
| 001 | 660 | |
| 005 | 20160908104628.96 | |
| 005 | 20131009164549.0 | |
| 005 | 20131023165340 | |
| 010 | @a978-7-118-08450-4@dCNY28.00 | |
| 100 | @a20130111d2016 em y0chiy0110 ea | |
| 101 | 0 | @achi |
| 102 | @aCN@b110000 | |
| 105 | @aa z 000yy | |
| 200 | 1 | @a太阳风暴对航天器的影响与防护@9tai yang feng bao dui hang tian qi de ying xiang yu fang hu@b专著@f于登云主编@g总装备部电子信息基础部[编] |
| 210 | @a北京@c国防工业出版社@d2016.02 | |
| 215 | @a176页@c图@d26cm | |
| 225 | 2 | @a《太阳风暴影响与应对措施》科普丛书 |
| 330 | @a本书讲述了太阳风暴对航天器的影响,以及如何通过设计方法改进、在轨有效管理手段来应对太阳风暴。 | |
| 461 | 0 | @12001 @a《太阳风暴影响与应对措施》科普丛书 |
| 606 | 0 | @a太阳活动@x航天器@x影响 |
| 606 | @a太阳活动@x影响@x航天器 | |
| 690 | @aP182.9@v5 | |
| 701 | 0 | @a于登云@9yu deng yun@4主编 |
| 712 | 02 | @a总装备部@9zong zhuang bei bu@b电子信息基础部@4编 |
| 801 | 0 | @aCN@b唐山师范学院图书馆@c20160723 |
| 905 | @aZUCC@dP182.9@e169 | |
| 太阳风暴对航天器的影响与防护/于登云主编/总装备部电子信息基础部[编].-北京:国防工业出版社,2016.02 |
| 176页:图;26cm.-(《太阳风暴影响与应对措施》科普丛书) |
| ISBN 978-7-118-08450-4:CNY28.00 |
| 本书讲述了太阳风暴对航天器的影响,以及如何通过设计方法改进、在轨有效管理手段来应对太阳风暴。 |
| ● |
| 相关链接 |
|
|
|
|
正题名:太阳风暴对航天器的影响与防护
索取号:P182.9/169
 
预约/预借
| 序号 | 登录号 | 条形码 | 馆藏地/架位号 | 状态 | 备注 |
| 1 | 902910 | 209029102 | 第二样本阅览室/ [索取号:P182.9/169] | 在馆 | |
| 2 | 902911 | 209029111 | 第三借阅区/ [索取号:P182.9/169] | 在馆 | |
| 3 | 902912 | 209029120 | 第三借阅区/ [索取号:P182.9/169] | 在馆 | |
| 4 | 902913 | 209029139 | 第三借阅区/ [索取号:P182.9/169] | 在馆 | |
| 5 | 902914 | 209029148 | 第三借阅区/ [索取号:P182.9/169] | 在馆 |